000 00310nam a2200133Ia 4500
008 230917s9999||||xx |||||||||||||| ||und||
040 _e105152
_aMAIN
041 _aEnglish
082 _a338.9 S64R
100 _aSatyawart Singh
245 0 _aRegional desparities in haryana
300 _a318 p.
942 _cTH
999 _c87551
_d87551